000 01133naa a22003257a 4500
001 BR5700087
003 BR-BrBNA
005 20240918172837.0
007 ta
008 230509b bl.||||| |||| 00| 0 por d
040 _aBR-BrBNA
_bpor
_cBiblioteca Nacional de Agricultura
041 _a(Pt)
072 _aL10; L00
_b5250
_bG514
090 _aL10 BR5700087
100 1 _aSilva Neto, J.M. da R. e
111 1 _a4. Reuniao de Zootecnia
_cRecife, PE (Brazil)
_d28 Oct 1954
245 1 _aInfluencia do reprodutor sobre o peso ao nascer das crias, num rebanho de caprinos nacionais moxoto [Pernambuco; Brasil]
260 3 _aRecife, PE (Brasil):
_c1957.
500 _aAnais da 4. Reuniao de Zootecnia Recife, PE (Brasil): 1957. p. 93-117 (BR5700087-AM)L10
650 _aMelhoramento genetico animal
650 _aProducao animal
650 _aCaprino
650 _aReprodutor
650 _aReproducao animal
650 _aPeso
650 _aPernambuco
773 0 _tAnais da 4. Reuniao de Zootecnia
_wL10 BR5700087
_gRecife, PE (Brasil), 1957. p. 93-117
909 _a202404
_bLucia
_c55
_dLucia Elande
942 _cAM
_2AGRIS
999 _c301695
_d301695